LEADER 00969nam0 2200265 4500 001 000031690 005 20171019121457.0 010 $a978-88-214-2999-6 100 $a20171013d2008----km-y0itay50------ba 101 0 $aita 102 $aIT 105 $ay-------001yy 200 1 $aEndocrinologia e attivitą motorie$fAndrea Lenzi ... [et al.]$gcoordinamento scientifico: Francesco Orio, Pierpaolo De Feo 210 $aMilano$cElsevier Masson$d[2008] 215 $aXVIII, 270 p.$cill.$d27 cm. 410 0$12001 500 10$aEndocrinologia e attivitą motorie$957796 610 1 $aLavoro muscolare$aAzione sulle ghiandole endocrine 676 $a612.4$v22$9Fisiologia umana. Sistemi emopoietico, linfatico, ghiandolare, urinario 702 1$aLenzi,$bAndrea$f<1953- >$4070 801 0$aIT$bUNIPARTHENOPE$c20171013$gRICA$2UNIMARC 912 $a000031690 951 $a612-E/3$b46740$cNAV01$d2017 996 $aEndocrinologia e attivitą motorie$957796 997 $aUNIPARTHENOPE